| 000 | 04699nam a2200421 a 4500 | ||
|---|---|---|---|
| 001 | dia_3021 | ||
| 003 | CHAP | ||
| 005 | 20230313104538.0 | ||
| 007 | ta | ||
| 008 | 220117s1993 mx a f 001 0 spa d | ||
| 010 | _a173526 | ||
| 020 | _a970-91175-0-5 | ||
| 020 | _a970-91175-1-3 | ||
| 040 |
_cCHAP _amxchpua |
||
| 050 |
_aTS195.4 _b.C45 1993 |
||
| 082 |
_a688.8 _bC45 1993 _220 |
||
| 100 | 1 |
_aCelorio Blasco, Carlos _9149571 _eautor |
|
| 245 | 1 | 0 |
_aDiseño del embalaje para exportación : _bintroducción / _cCarlos Celorio Blasco |
| 250 | _a1a edición | ||
| 260 |
_aMéxico : _bInstituto Mexicano del Envase : Packaging Ingeniería en Envase y Embalaje, _c1993 |
||
| 300 |
_a245 páginas : _bilustraciones |
||
| 500 | _aEl ejemplar dos es reimpresión 2017 | ||
| 504 | _aBibliografía: páginas 239-245 | ||
| 505 | _aINDICE AUTORES -- Prólogo -- Prefacio -- Plan general de la obra -- Ventajas del embalaje -- El embalaje reduce el desperdicio -- El embalaje facilita la clasificación -- El embalaje permite el acceso al producto -- El embalaje informa -- El embalaje exhibe -- El embalaje permite la respiración de frutas frescas -- El embalaje protege contra el producto -- El embalaje distribuye mercancías a comunidades marginadas -- El embalaje facilita la ayuda de emergencia -- Resumen -- CAPITULO 1 -- Glosario conceptual -- Envase primario, secundario y terciario -- Esquema del sistema de envase -- Diferencias entre envase, empaque y embalaje -- Funciones del envase -- Funciones del embalaje -- Protección del embalaje -- Resumen -- Concepto de distribución -- Pasos de la distribución -- Resumen -- Concepto de exportación -- Emblema de los productos mexicanos de exportación -- Diferentes tipos de diseño relacionados con el embalaje -- Diseño en general -- Diseño artesanal -- Diseño industrial -- Diseño ergonómico -- Diseño gráfico -- CAPITULO 2 -- Clasificación -- Envases de vidrio -- Envases, embalajes y contenedores metálicos -- Envases de papel y embalajes de cartón -- Envases y embalajes de plástico -- Embalajes de madera -- CAPITULO 3 -- Metodología Básica -- Ocho pasos necesarios para diseñar con éxito un embalaje para productos de exportación -- Análisis del producto de exportación a embalar -- Investigación de todas y cada una de las etapas de la distribución -- Investigación del mercado distribuidor -- Investigación de los lineamientos y políticas ecológicas del país receptor en relación con los envases y embalajes -- Consulta de las normas oficiales internaciones de envase y embalaje -- Determinación de requerimientos -- Determinación de las especificaciones del embalaje -- Diseño del embalaje -- CAPITULO 4 -- Normas de envase y embalaje -- Lista clasificada de las Normas Mexicanas de envase y embalaje -- Lista bilingüe de las Normas ISO de envase, embalaje y etiquetado -- Bibliografía | ||
| 520 | _aProf. Carlos Celorio Blasco (1931-2002) Un hombre que dedico su vida a la enseñanza sobre el mundo del envase y embalaje, participando como consultor y catedrático en aproximadamente 100 centros de enseñanza superior en México y otros países de América Latina. Asesor por la Organización de las Naciones Unidas para América Latina en materia de Embalajes para Exportación. Llamado por el gobierno de Finlandia como capacitador en diseño de embalajes para exportación en los países de Bolivia, Perú, Uruguay y Colombia. Autor de varios libros sobre el tema de envase y embalaje, así como asesor en aproximadamente 50 tesis de licenciatura, principalmente sobre diseño gráfico de envases, diseño industrial y comercio internacional. Entre sus legados se encuentra este libro ya clásico en la literatura sobre el tema y su acervo bibliográfico, ahora disponible para todos los investigadores y estudiantes en las instalaciones del IMPEE. En Carlos Celorio se hace realidad aquella historia del CID, que aún después de su partida continua cabalgando y luchando, compartiendo con todos nosotros esta información producto de una vida de pasión y trabajo. | ||
| 650 | 1 | 3 |
_aEnvasado _xDiseño _9153900 |
| 650 | 1 | 3 |
_aEnvasado _xIndustria y comercio _9153901 _zMéxico |
| 650 | 1 | 3 |
_aEnvasado _xNormas _9153902 |
| 650 | 1 | 3 |
_aMaterial de embalaje _9153903 |
| 650 | 1 | 3 |
_aPackaging _xDisign _9153904 |
| 650 | 1 | 3 |
_aPackaging _xStandards _9153905 |
| 650 | 1 | 3 |
_aPackaing _xIndustry and trade _9153906 _zMexico |
| 650 | 1 | 3 |
_aPacking material _9153907 |
| 901 | _a688.8 C45 1993 | ||
| 902 | _aM | ||
| 905 | _a5232271993 mx an 8222223322spa16 | ||
| 942 |
_cLIBRO _2ddc |
||
| 999 |
_c173526 _d173526 |
||